000 00742nam a2200265 a 4500
003 AR-BaBNM
005 20251128205117.0
008 082120s2002 ||||||||||||||000 | spa||
020 _a950-01-0521-7
040 _cAR-BaBNM
100 1 _aSteinbrun, Susana Noemí
245 0 0 _aNúmeros divertidos
_bpáginas para descubrir y recrear el mundo de la matemática
250 _a1ª ed.
260 _aBuenos Aires
_bEstrada
_c1996
300 _a94 p.
_bil.
490 0 _a¿y qué más?
650 4 _aMATEMATICA
650 4 _aENSEÑANZA DE LAS MATEMATICAS
650 4 _aNUMEROS
650 4 _aJUEGOS EDUCATIVOS
650 4 _aACTIVIDADES DE APRENDIZAJE
700 1 _aPucci, Julia Marta
_ecoordinador
942 _cBK
998 _cCarmen
999 _c10029
_d10029